| 000 | 00000nam##2200000za#4500 |
| 001 | 9.693722 |
| 003 | CaOODSP |
| 005 | 20210624233808 |
| 007 | cr ||||||||||| |
| 008 | 150407|2005||||xxc|||||o f|0| 0 eng|d |
| 040 | |aCaOODSP|beng |
| 043 | |an-cn--- |
| 086 | 1 |aET5-1/2005E-PDF |
| 110 | 1 |aCanada.|bOffice of the Ethics Commissioner. |
| 245 | 10|aIssues and challenges 2005 / |h[electronic resource]|cBernard J. Shapiro. |
| 260 | |aOttawa - Ontario : |bOffice of the Ethics Commissioner |cOctober 2005. |
| 300 | |a29p. |
| 500 | |a"Issues and Challenges 2005 is intended as a supplement to the two Annual Reports of the Ethics Commissioner issued on June 30, 2005. This paper addresses a number of conceptual and procedural challenges that have arisen during the first year of operations of the Office of the Ethics Commissioner."--Page 5 of 29, Foreword. |
| 590 | |a10-13-Supp|b2010-11-23 |
| 775 | 08|tEnjeux et défis 2005 / |w(CaOODSP)9.637896 |
| 856 | 40|ahttp://publications.gc.ca|qPDF|s383 KB|uhttps://publications.gc.ca/collections/collection_2010/ccie-ciec/ET5-1-2005-eng.pdf |
| 986 | |a112005-06E |